Mladý mechanizátor /

Uložené v:
Podrobná bibliografia
Hlavný autor: Souhrada, Josef (Author)
Médium: Kniha
Jazyk:Czech
Vydané: Praha : Státní zemědělské nakladatelství, 1962.
Vydanie:1. vyd.
Edícia:Osvětová literatura
ISBN: (viaz.)
Fyzický popis: 153 s. : 6 príl.
Tagy: Pridať tag
Žiadne tagy, Buďte prvý kto otaguje tento záznam!

MARC

LEADER 00000cam a22000007a 4500
001 000468621
005 20150508194319.0
008 980601s1962 xr cze d
020 |a (viaz.)  |c Kčs 16,00 
040 |a SVKKK  |b slo  |c SVKKK  |e AACR2 
041 0 |a cze 
044 |a xr  |c CZ 
245 0 0 |a Mladý mechanizátor /  |c Josef Souhrada ... [et al.]. 
250 |a 1. vyd. 
260 |a Praha :  |b Státní zemědělské nakladatelství,  |c 1962. 
300 |a 153 s. :  |e 6 príl. 
490 0 |a Osvětová literatura 
500 |a 17000 výt. 
700 1 |a Souhrada, Josef  |4 aut 
830 0 |a Osvětová literatura 
910 |a svkkk 
998 |a BK 
090 |g SCKHL  |k Sklad Pribinova 1. posch.  |a IV.19096  |j 296226  |i 468621-10  |s Absenčne 
090 |g SCKHL  |k Sklad Pribinova 1. posch.  |a IV0.1820  |j 09840  |i 468621-20  |s Absenčne